Central Library OPAC University of Rajshahi

The Pelican book of English prose / (Record no. 62967)

MARC details
000 -LEADER
fixed length control field 00751nam a2200241 a 4500
001 - CONTROL NUMBER
control field 62967
003 - CONTROL NUMBER IDENTIFIER
rucl marc code BD-RjUL
005 - DATE AND TIME OF LATEST TRANSACTION
control field 20211209081139.0
008 - FIXED-LENGTH DATA ELEMENTS--GENERAL INFORMATION
fixed length control field 170126s1956 xx 000 0 und d
035 ## - SYSTEM CONTROL NUMBER
System control number (BD-RjUL)63095
040 ## - CATALOGING SOURCE
Original cataloging agency EQO
Transcribing agency EQO
Language of cataloging eng
Modifying agency BD-RjUL
041 ## - LANGUAGE CODE
Language code of text/sound track or separate title eng
082 ## - DEWEY DECIMAL CLASSIFICATION NUMBER
Classification number 828.08
Author mark and year PEL 1956
245 04 - TITLE STATEMENT
Title The Pelican book of English prose /
Statement of responsibility, etc. Gen. ed. K. Allott.
260 ## - PUBLICATION, DISTRIBUTION, ETC. (IMPRINT)
Place of publication, distribution, etc. Harmondsworth :
Name of publisher, distributor, etc. Penguin Book,
Date of publication, distribution, etc. 1956.
300 ## - PHYSICAL DESCRIPTION
Pagination v. ;
Size 18 cm.
490 1# - SERIES STATEMENT
Series statement Pelican books ;
Volume/sequential designation A 360-A 364
505 0# - FORMATTED CONTENTS NOTE
Formatted contents note Vol. 1 Elizabethan and Jacobean prose : 1550-1620 / ed. by Kenneth Muir --
650 ## - SUBJECT ADDED ENTRY--TOPICAL TERM
Topical term or geographic name as entry element English prose literature
9 (RLIN) 187262
700 1# - ADDED ENTRY--PERSONAL NAME
Personal name Allott, K.
830 #0 - SERIES ADDED ENTRY--UNIFORM TITLE
Uniform title Pelican books ;
Volume number/sequential designation A 360-A 364
942 ## - ADDED ENTRY ELEMENTS (KOHA)
Source of classification or shelving scheme Dewey Decimal Classification
Koha item type Books
Holdings
Lost status Source of classification or shelving scheme Damaged status Not for loan Collection code Permanent Location Current Location Shelving location Date acquired Source of acquisition Cost, normal purchase price Total Checkouts Full call number Date last seen Copy number Koha item type
  Dewey Decimal Classification   Not For Loan Non-fiction Central Library, University of Rajshahi Central Library, University of Rajshahi Reading Room 28/04/1965 Sweets ana Zait. 6.00   828.08 PEL V-1 1956 26/01/2017 C-1 Books